[Event "DVM u20 2005"]
[Site "Berlin"]
[Date "2005.12.30"]
[Round "7.1"]
[White "Mutschnik, Illya"]
[Black "Zaragatski, Ilja"]
[Result "1/2-1/2"]
[WhiteElo "2414"]
[BlackElo "2376"]
[PlyCount "27"]
[EventDate "2000.??.??"]

1. e4 e6 2. d3 d5 3. Nd2 Nf6 4. Ngf3 Nc6 5. c3 a5 6. Be2 e5 7. O-O Be7 8. Qc2
O-O 9. Re1 Re8 10. Nf1 Bf8 11. Ng3 h6 12. h3 a4 13. Bd2 Be6 14. b4 1/2-1/2

[Event "DVM u20 2005"]
[Site "Berlin"]
[Date "2005.12.30"]
[Round "7.2"]
[White "Zhang, Fan"]
[Black "Strohhäker, Raoul"]
[Result "0-1"]
[WhiteElo "2071"]
[BlackElo "2285"]
[PlyCount "64"]
[EventDate "2000.??.??"]

1. d4 d5 2. c4 e6 3. Nc3 c5 4. cxd5 exd5 5. g3 Nc6 6. Nf3 Nf6 7. Bg2 Be7 8. O-O
O-O 9. Bg5 c4 10. Ne5 Be6 11. Nxc6 bxc6 12. b3 h6 13. Bxf6 Bxf6 14. Na4 Rb8 15.
e3 Rb4 16. Nc5 Bf5 17. a3 Rb5 18. bxc4 Rxc5 19. dxc5 Bxa1 20. Qxa1 dxc4 21. e4
Be6 22. Rc1 Qa5 23. Rc3 Rd8 24. Bf1 Qxc5 25. Qc1 Rd4 26. Qf4 Rd1 27. Kg2 Qd4
28. Qe3 c5 29. h4 Rd2 30. Kg1 Rb2 31. Bxc4 Rb1+ 32. Kg2 Qd1 0-1

[Event "DVM u20 2005"]
[Site "Berlin"]
[Date "2005.12.30"]
[Round "7.3"]
[White "Beck, Frederik"]
[Black "Pilat, Daniel"]
[Result "1/2-1/2"]
[WhiteElo "2214"]
[BlackElo "2144"]
[PlyCount "45"]
[EventDate "2000.??.??"]

1. e4 c5 2. Nf3 a6 3. c3 e6 4. d4 d5 5. e5 Bd7 6. Bd3 cxd4 7. Nxd4 Nc6 8. Nxc6
Bxc6 9. O-O Ne7 10. Nd2 Bb5 11. Bxb5+ axb5 12. Qe2 Qb6 13. Nb3 Nf5 14. g4 Nh4
15. Be3 Qc6 16. f4 h5 17. Nd4 Qc4 18. h3 Bc5 19. Qxc4 bxc4 20. b4 Bxd4 21. Bxd4
Ra3 22. Rf2 Kd7 23. f5 1/2-1/2

[Event "DVM u20 2005"]
[Site "Berlin"]
[Date "2005.12.30"]
[Round "7.4"]
[White "Mazarov, Jürgen"]
[Black "Schaaf, Robert"]
[Result "1/2-1/2"]
[WhiteElo "1999"]
[BlackElo "2113"]
[PlyCount "26"]
[EventDate "2000.??.??"]

1. e4 d5 2. exd5 Qxd5 3. Nc3 Qa5 4. d4 Nf6 5. Bd2 c6 6. Bc4 Bf5 7. Nf3 e6 8.
O-O Nbd7 9. Re1 Bb4 10. a3 Bxc3 11. Bxc3 Qc7 12. Qe2 O-O 13. Rad1 Bg4 1/2-1/2

[Event "DVM u20 2005"]
[Site "Berlin"]
[Date "2005.12.30"]
[Round "7.5"]
[White "Hauser, Carlos"]
[Black "Fuhrmann, Marc Andre"]
[Result "1/2-1/2"]
[WhiteElo "2131"]
[BlackElo "1993"]
[PlyCount "50"]
[EventDate "2000.??.??"]

1. d4 Nf6 2. c4 c6 3. Nf3 d5 4. cxd5 cxd5 5. Nc3 Nc6 6. Bf4 Bf5 7. e3 e6 8. Bb5
Nd7 9. O-O Be7 10. Qb3 g5 11. Bg3 h5 12. h3 g4 13. hxg4 hxg4 14. Nd2 Bd6 15.
Bxc6 bxc6 16. e4 Bxg3 17. fxg3 Qg5 18. Rf4 Rb8 19. Qa3 Bg6 20. Re1 Qe7 21.
Qxe7+ Kxe7 22. exd5 cxd5 23. b3 Nf6 24. Na4 a5 25. Nc5 Rb4 1/2-1/2

[Event "DVM u20 2005"]
[Site "Berlin"]
[Date "2005.12.30"]
[Round "7.6"]
[White "Neftik, Ilja"]
[Black "Stiefel, Michael"]
[Result "0-1"]
[WhiteElo "1587"]
[BlackElo "2057"]
[PlyCount "86"]
[EventDate "2000.??.??"]

1. e4 c5 2. Nf3 e6 3. d4 cxd4 4. Nxd4 a6 5. Nc3 b5 6. Bd3 Qb6 7. Nb3 Qc7 8. O-O
Bb7 9. f4 b4 10. Ne2 Nf6 11. Ng3 h5 12. h4 Bc5+ 13. Nxc5 Qxc5+ 14. Kh1 Ng4 15.
Qf3 Qe7 16. Ne2 Qxh4+ 17. Qh3 Qxh3+ 18. gxh3 Nf6 19. Kh2 Nxe4 20. Be3 d6 21.
Bd4 Rg8 22. Be3 g6 23. Rad1 Ke7 24. Nd4 Nd7 25. Nb3 Ndc5 26. Na5 Bd5 27. Be2 h4
28. Bf3 Ng3 29. Rf2 Bxf3 30. Rxf3 Rac8 31. Rf2 Nf5 32. Bd4 Rc7 33. Re2 Rgc8 34.
Nc4 Nd7 35. b3 d5 36. Ne5 Rxc2 37. Rg2 Rxg2+ 38. Kxg2 Rc2+ 39. Kf3 Nxd4+ 40.
Rxd4 Nxe5+ 41. fxe5 a5 42. a3 Rc3+ 43. Kg4 Rxb3 0-1

[Event "DVM u20 2005"]
[Site "Berlin"]
[Date "2005.12.30"]
[Round "7.1"]
[White "Armbrust, Florian"]
[Black "Krämer, Martin"]
[Result "0-1"]
[WhiteElo "2280"]
[BlackElo "2394"]
[PlyCount "68"]
[EventDate "2000.??.??"]

1. e4 c5 2. Nc3 Nc6 3. Bb5 Nd4 4. Bc4 e6 5. Nf3 Nf6 6. O-O a6 7. e5 d5 8. exf6
dxc4 9. fxg7 Bxg7 10. d3 cxd3 11. Qxd3 Bd7 12. Nxd4 cxd4 13. Qg3 Rg8 14. Ne4
Bc6 15. Bg5 Qd5 16. Qa3 f6 17. Bxf6 Bf8 18. Qh3 Qxe4 19. f3 Qf5 20. Qxf5 exf5
21. Bxd4 Kf7 22. Kf2 Bd6 23. g3 f4 24. g4 Be7 25. Rad1 h5 26. h3 Rae8 27. Rd2
Bh4+ 28. Kg2 hxg4 29. hxg4 Rxg4+ 30. Kh3 Rg3+ 31. Kxh4 Re6 32. Kh5 Kg8 33. Rg1
Be8+ 34. Kh4 Rh6# 0-1

[Event "DVM u20 2005"]
[Site "Berlin"]
[Date "2005.12.30"]
[Round "7.2"]
[White "Holzschuh, Stephan"]
[Black "Lohr, Matthias"]
[Result "1/2-1/2"]
[WhiteElo "2257"]
[BlackElo "2146"]
[PlyCount "117"]
[EventDate "2000.??.??"]

1. e4 g6 2. d4 Bg7 3. Nc3 c6 4. f4 d5 5. e5 h5 6. Nf3 Nh6 7. Be3 Bg4 8. Be2 Nf5
9. Bf2 Bxf3 10. Bxf3 e6 11. O-O b5 12. a4 b4 13. Na2 a5 14. Qd2 Nd7 15. Nc1 Bf8
16. Nd3 Qc7 17. c3 c5 18. c4 Rd8 19. cxd5 exd5 20. dxc5 Nxc5 21. Qc2 d4 22.
Rfc1 Rc8 23. Qc4 Be7 24. Nxc5 Bxc5 25. Qb5+ Ke7 26. Bb7 Rb8 27. Rxc5 Qxb7 28.
Qxa5 Qb6 29. Qxb6 Rxb6 30. a5 Rb7 31. Kf1 Ra8 32. Ke2 b3 33. Kd3 Rb4 34. Rc4
Rb5 35. a6 Rb6 36. a7 Rb7 37. Bxd4 Nxd4 38. Rxd4 Raxa7 39. Rxa7 Rxa7 40. Rb4
Ra1 41. Ke2 Ke6 42. Rxb3 Kf5 43. Rb4 h4 44. Ke3 Re1+ 45. Kf2 Rb1 46. b3 Rc1 47.
h3 Rc2+ 48. Kg1 Rc1+ 49. Kh2 Rc2 50. Rb7 Kxf4 51. Rxf7+ Kxe5 52. b4 Rb2 53. Rb7
Rb1 54. b5 Kf6 55. b6 Kg5 56. Rb8 Kh6 57. b7 Kh7 58. g4 hxg3+ 59. Kxg3 1/2-1/2

[Event "DVM u20 2005"]
[Site "Berlin"]
[Date "2005.12.30"]
[Round "7.3"]
[White "Kühner, Christian"]
[Black "Wehner, Jannis"]
[Result "1/2-1/2"]
[WhiteElo "2143"]
[BlackElo "2237"]
[PlyCount "70"]
[EventDate "2000.??.??"]

1. c4 g6 2. Nc3 Bg7 3. g3 Nf6 4. Bg2 O-O 5. e4 d6 6. Nge2 e5 7. O-O Nc6 8. d3
a5 9. h3 Nd7 10. a3 Nc5 11. b3 Ne6 12. Bb2 Ned4 13. Nxd4 Nxd4 14. Ne2 Nxe2+ 15.
Qxe2 c6 16. Rad1 Qb6 17. Qc2 f5 18. exf5 Bxf5 19. Bc1 Rad8 20. g4 Be6 21. Be3
Qa6 22. d4 exd4 23. Bxd4 a4 24. Bxg7 Kxg7 25. Rd4 Qb6 26. Re4 axb3 27. Qb2+ Kf7
28. Rfe1 Rfe8 29. Rf4+ Kg8 30. Re3 Qc5 31. Rfe4 Bf7 32. Rxe8+ Rxe8 33. Rxe8+
Bxe8 34. Qxb3 b6 35. Qa4 Kf7 1/2-1/2

[Event "DVM u20 2005"]
[Site "Berlin"]
[Date "2006.12.30"]
[Round "7.4"]
[White "Buckan, Jens"]
[Black "Fragin, Ilja"]
[Result "1/2-1/2"]
[WhiteElo "2107"]
[BlackElo "2042"]
[PlyCount "97"]
[EventDate "2000.??.??"]

1. e4 Nf6 2. e5 Nd5 3. c4 Nb6 4. d4 d6 5. exd6 cxd6 6. Nc3 g6 7. Be3 Bg7 8. Rc1
O-O 9. b3 Nc6 10. d5 Ne5 11. h3 Ned7 12. Nf3 Nf6 13. Be2 Nbd7 14. Nd4 Qa5 15.
O-O Nc5 16. Qc2 Bd7 17. Qb1 Na6 18. Rfd1 Rac8 19. Ndb5 Bf5 20. Bd3 Bxd3 21.
Rxd3 Ra8 22. Rd2 Ne8 23. a3 Nac7 24. b4 Qa6 25. Nd4 Bxd4 26. Rxd4 Nf6 27. Qb2
Rfd8 28. b5 Qa5 29. c5 dxc5 30. Ra4 Qb6 31. Rc4 Ncxd5 32. Na4 Qd6 33. Bxc5 Qe6
34. Bd4 b6 35. Rc6 Qe4 36. Bxf6 Nxf6 37. Nc3 Qf4 38. Ne2 Qf5 39. Ng3 Qf4 40.
Nf1 Rd7 41. Ne3 Rad8 42. R6c4 Rd4 43. Rc8 Kg7 44. Rxd8 Rxd8 45. Rd1 Rxd1+ 46.
Nxd1 e5 47. Ne3 Qd4 48. Qe2 Nd5 49. Nc2 1/2-1/2

[Event "DVM u20 2005"]
[Site "Berlin"]
[Date "2005.12.30"]
[Round "7.5"]
[White "Katte, Isabel"]
[Black "Gehlhaar, Christian"]
[Result "0-1"]
[WhiteElo "1950"]
[BlackElo "2095"]
[PlyCount "58"]
[EventDate "2000.??.??"]

1. e4 c5 2. Nc3 Nc6 3. f4 g6 4. Nf3 Bg7 5. Bb5 Nd4 6. a4 a6 7. Bc4 e6 8. e5 d5
9. exd6 Qxd6 10. d3 Ne7 11. O-O O-O 12. Ne4 Qc7 13. c3 Nxf3+ 14. Qxf3 b6 15.
Qh3 Nf5 16. g4 Nd6 17. Bb3 Nxe4 18. dxe4 c4 19. Bc2 Bb7 20. f5 exf5 21. exf5
Rfe8 22. Be3 Bf8 23. fxg6 fxg6 24. Rf6 Rxe3 25. Rxf8+ Rxf8 26. Qxe3 Qc6 27. Be4
Qxe4 28. Qxe4 Bxe4 29. Re1 Re8 0-1

[Event "DVM u20 2005"]
[Site "Berlin"]
[Date "2005.12.30"]
[Round "7.6"]
[White "Hermann, Ingo"]
[Black "Khalat, David"]
[Result "1-0"]
[WhiteElo "2007"]
[BlackElo "1640"]
[PlyCount "69"]
[EventDate "2000.??.??"]

1. e4 d5 2. exd5 Nf6 3. Nc3 Nxd5 4. Bc4 Nxc3 5. Qf3 e6 6. Qxc3 Nc6 7. Nf3 Bd7
8. O-O Ne7 9. Ne5 Nf5 10. Qf3 Rb8 11. Nxf7 Kxf7 12. Qxf5+ Qf6 13. Qxf6+ gxf6
14. Re1 Re8 15. d3 Bd6 16. Bd2 h5 17. f4 Kg7 18. Re2 Re7 19. Rae1 Rhe8 20. a3
a6 21. d4 c6 22. Bb4 Bxb4 23. axb4 f5 24. d5 cxd5 25. Bxd5 Bc8 26. Re5 Kf6 27.
Bf3 Rh8 28. Rd1 h4 29. Kf2 Rhh7 30. Ke3 Rd7 31. Rd4 Rxd4 32. Kxd4 Rc7 33. Rc5
Rxc5 34. Kxc5 b5 35. Kd6 1-0

[Event "DVM u20 2005"]
[Site "Berlin"]
[Date "2005.12.30"]
[Round "7.1"]
[White "Nüsken, Nikolas"]
[Black "Brener, Ilja"]
[Result "1/2-1/2"]
[WhiteElo "2302"]
[BlackElo "2334"]
[PlyCount "59"]
[EventDate "2000.??.??"]

1. e4 c5 2. Nf3 Nc6 3. d4 cxd4 4. Nxd4 Nf6 5. Nc3 e5 6. Ndb5 d6 7. Bg5 a6 8.
Na3 b5 9. Bxf6 gxf6 10. Nd5 Bg7 11. Bd3 Ne7 12. Nxe7 Qxe7 13. c4 f5 14. O-O O-O
15. Qf3 d5 16. cxd5 fxe4 17. Bxe4 Rb8 18. Rfd1 Qd7 19. Rac1 f5 20. Bc2 Kh8 21.
Bb3 Bb7 22. Nc2 Rbe8 23. Qh3 Rf6 24. Ne3 Ref8 25. d6 Rh6 26. Rc7 Qd8 27. Qg3
Rg6 28. Qh3 Rh6 29. Qg3 Rg6 30. Qh3 1/2-1/2

[Event "DVM u20 2005"]
[Site "Berlin"]
[Date "2005.12.30"]
[Round "7.2"]
[White "Frübing, Stefan"]
[Black "Abel, Dennes"]
[Result "1/2-1/2"]
[WhiteElo "2233"]
[BlackElo "2186"]
[PlyCount "69"]
[EventDate "2000.??.??"]

1. e4 c5 2. Nf3 Nc6 3. Nc3 e6 4. d4 cxd4 5. Nxd4 Nf6 6. Nxc6 bxc6 7. e5 Nd5 8.
Ne4 Qc7 9. f4 Qb6 10. c4 Ne3 11. Qd3 Bb4+ 12. Bd2 Ba6 13. b3 O-O 14. Rc1 f5 15.
Bxb4 fxe4 16. Qc3 Ng4 17. Rc2 Rxf4 18. Bd6 Ne3 19. Re2 Nf5 20. Ba3 Nd4 21. Rb2
c5 22. Rd2 Raf8 23. Bxc5 Nf3+ 24. gxf3 Qxc5 25. fxe4 Rxe4+ 26. Kd1 Rg4 27. Bd3
g6 28. Re1 Rg1 29. Rxg1 Qxg1+ 30. Kc2 Bb7 31. a4 Bc6 32. Qb4 Qa1 33. Qc3 Qg1
34. Qb4 Qa1 35. Qc3 1/2-1/2

[Event "DVM u20 2005"]
[Site "Berlin"]
[Date "2005.12.30"]
[Round "7.3"]
[White "Hoffmann, Lukas"]
[Black "Becker, Nils"]
[Result "0-1"]
[WhiteElo "2149"]
[BlackElo "2122"]
[PlyCount "84"]
[EventDate "2000.??.??"]

1. e4 c5 2. Nf3 Nc6 3. Bb5 g6 4. O-O Bg7 5. c3 Nf6 6. Re1 O-O 7. d4 d5 8. e5
Ne4 9. Nbd2 Bf5 10. Nf1 f6 11. exf6 exf6 12. Ne3 Be6 13. dxc5 Nxc5 14. Nc2 Bf7
15. Ncd4 Qc7 16. Be3 Ne4 17. Qc1 Ne5 18. h3 a6 19. Bf1 Rfe8 20. Bf4 Rac8 21.
Bh2 Qb6 22. Qc2 Nxf3+ 23. Nxf3 f5 24. Bf4 d4 25. c4 Qc5 26. Rac1 b5 27. b3 Nc3
28. cxb5 axb5 29. Bd3 Ra8 30. Rxe8+ Bxe8 31. Ra1 Bc6 32. Bd2 Ne2+ 33. Kf1 Qxc2
34. Bxc2 d3 35. Re1 dxc2 36. Kxe2 Rxa2 37. Bc1 Be4 38. g3 Ra1 39. Nd2 Rxc1 40.
Rxc1 Bb2 41. Nxe4 Bxc1 42. Nf6+ Kf7 0-1

[Event "DVM u20 2005"]
[Site "Berlin"]
[Date "2005.12.30"]
[Round "7.5"]
[White "Wall, Henrik"]
[Black "Werner, Daniel"]
[Result "1/2-1/2"]
[WhiteElo "1878"]
[BlackElo "2167"]
[PlyCount "101"]
[EventDate "2000.??.??"]

1. e4 c5 2. Nf3 d6 3. Bb5+ Nd7 4. O-O Ngf6 5. Re1 e6 6. Nc3 Be7 7. d4 cxd4 8.
Qxd4 O-O 9. Bg5 h6 10. Bxf6 Nxf6 11. Rad1 Qc7 12. e5 dxe5 13. Qxe5 Qxe5 14.
Nxe5 a6 15. Bc4 b5 16. Bb3 Bb4 17. Re3 Bb7 18. a3 Ba5 19. Red3 Rfc8 20. f3 Bxc3
21. Rxc3 Rxc3 22. bxc3 Bd5 23. c4 bxc4 24. Nxc4 Rb8 25. Rd3 Nd7 26. Na5 Nc5 27.
Rc3 Nxb3 28. cxb3 f5 29. b4 Kf7 30. Kf2 f4 31. Nc6 Rb5 32. Ne5+ Kf6 33. Nd3 g5
34. h4 Rb6 35. hxg5+ hxg5 36. Rc5 Rc6 37. Rxc6 Bxc6 38. Nc5 Bb5 39. a4 Bc4 40.
Ne4+ Kg6 41. Nd6 Bb3 42. b5 Bxa4 43. bxa6 Bc6 44. a7 e5 45. Nc4 Kf5 46. Nb6 g4
{(=)} 47. a8=Q Bxa8 48. Nxa8 gxf3 49. gxf3 e4 50. Nb6 exf3 51. Kxf3 1/2-1/2

[Event "DVM u20 2005"]
[Site "Berlin"]
[Date "2005.12.30"]
[Round "7.6"]
[White "Wapenhans, Alexander"]
[Black "Wall, Max"]
[Result "0-1"]
[WhiteElo "1913"]
[BlackElo "1889"]
[PlyCount "72"]
[EventDate "2000.??.??"]

1. e4 c5 2. Nf3 d6 3. d4 cxd4 4. Nxd4 Nf6 5. Nc3 Nc6 6. f4 g6 7. Be2 Bg7 8. Be3
O-O 9. O-O Qb6 10. Nf5 Qxb2 11. Na4 Qb4 12. Bd3 Qxa4 13. Nxg7 Kxg7 14. Qf3 Qa5
15. Qg3 Ng4 16. Bc1 Qb6+ 17. Kh1 Bd7 18. h3 Nf6 19. Qh4 Kg8 20. f5 Ne5 21. g4
Bc6 22. g5 Nh5 23. Be2 Bxe4+ 24. Kh2 Rac8 25. Qxe4 Ng7 26. f6 exf6 27. gxf6 Ne6
28. Qh4 Rxc2 29. Qe4 Nd4 30. Rf2 Rxe2 31. Rxe2 Nxe2 32. Qxe2 Qd4 33. Rb1 b6 34.
Be3 Qe4 35. Qf2 Qxb1 36. Qh4 Nf3+ 0-1

[Event "DVM u20 2005"]
[Site "Berlin"]
[Date "2005.12.30"]
[Round "7.1"]
[White "Hillmann, Michael"]
[Black "Pilgram, Alexander"]
[Result "1-0"]
[WhiteElo "2067"]
[BlackElo "1922"]
[PlyCount "65"]
[EventDate "2000.??.??"]

1. d4 d5 2. Nf3 c6 3. c4 Bf5 4. Nc3 e6 5. Bg5 Be7 6. h4 h6 7. Bxe7 Qxe7 8. e3
Nf6 9. Be2 O-O 10. Ne5 dxc4 11. g4 Bd3 12. Nxd3 cxd3 13. Bxd3 Kh8 14. g5 Ng8
15. Bc2 g6 16. h5 Qxg5 17. Qd3 Kg7 18. O-O-O Ne7 19. Rdg1 Qf6 20. Rg2 Nd7 21.
Rhg1 Qf3 22. Bd1 Qf5 23. Qe2 Rg8 24. Bc2 Qa5 25. Kb1 Rad8 26. Ne4 e5 27. hxg6
fxg6 28. Nd6 Qb4 29. Rxg6+ Nxg6 30. Rxg6+ Kh7 31. Rf6+ Kg7 32. Rf7+ Kh8 33.
Rh7# 1-0

[Event "DVM u20 2005"]
[Site "Berlin"]
[Date "2005.12.30"]
[Round "7.2"]
[White "Rudnik, Kirill"]
[Black "Günther, Christian"]
[Result "0-1"]
[WhiteElo "1877"]
[BlackElo "2029"]
[PlyCount "82"]
[EventDate "2000.??.??"]

1. e4 Nf6 2. Nc3 d5 3. exd5 Nxd5 4. Nxd5 Qxd5 5. Qf3 Qe5+ 6. Qe3 Qxe3+ 7. fxe3
Bf5 8. d3 Nc6 9. Ne2 e5 10. Ng3 Bg6 11. Bd2 Nb4 12. Bxb4 Bxb4+ 13. c3 Be7 14.
Be2 O-O-O 15. d4 Bg5 16. Kf2 exd4 17. exd4 Rhe8 18. Rhe1 Bd2 19. Bg4+ f5 20.
Rxe8 Rxe8 21. Bxf5+ Bxf5 22. Nxf5 Rf8 23. g4 g6 24. Ke2 gxf5 25. Kxd2 fxg4 26.
Re1 Kd7 27. Re4 Rf2+ 28. Re2 Rxe2+ 29. Kxe2 Ke6 30. Ke3 Kf5 31. c4 h5 32. d5
Ke5 33. a4 a5 34. Kf2 h4 35. Ke3 b6 36. b3 g3 37. hxg3 hxg3 38. Kf3 Kd4 39.
Kxg3 Kc3 40. Kf4 Kxb3 41. Ke5 Kxc4 0-1

[Event "DVM u20 2005"]
[Site "Berlin"]
[Date "2005.12.30"]
[Round "7.3"]
[White "Strache, Michael"]
[Black "Karmann, Alexander"]
[Result "1-0"]
[WhiteElo "2083"]
[BlackElo "1816"]
[PlyCount "49"]
[EventDate "2000.??.??"]

1. e4 e5 2. Nf3 Nc6 3. Bc4 Bc5 4. b4 Bxb4 5. c3 Ba5 6. d4 exd4 7. O-O d6 8.
cxd4 Nf6 9. e5 dxe5 10. Ba3 Ne7 11. Bxe7 Kxe7 12. dxe5 Qxd1 13. exf6+ gxf6 14.
Rxd1 Be6 15. Nbd2 Rhd8 16. Bxe6 fxe6 17. Nc4 Bb4 18. Kf1 Bd6 19. Rab1 b6 20.
Nd4 Rg8 21. g3 a6 22. Re1 e5 23. Nf5+ Ke6 24. Nfxd6 cxd6 25. Rxb6 1-0

[Event "DVM u20 2005"]
[Site "Berlin"]
[Date "2005.12.30"]
[Round "7.4"]
[White "Senay, Baris"]
[Black "Wendling, Hannes"]
[Result "1/2-1/2"]
[WhiteElo "1852"]
[BlackElo "2088"]
[PlyCount "84"]
[EventDate "2000.??.??"]

1. d4 d5 2. c4 c6 3. Nf3 Nf6 4. Qb3 Nbd7 5. g3 Qb6 6. Qxb6 Nxb6 7. cxd5 cxd5 8.
Bg2 Bf5 9. Nh4 Be4 10. O-O e6 11. Bxe4 Nxe4 12. f3 Nd6 13. Bf4 Rc8 14. Nc3 a6
15. Rac1 Rc6 16. e4 Kd7 17. Ng2 dxe4 18. fxe4 f6 19. Ne3 Ndc4 20. b3 Nxe3 21.
Bxe3 Bb4 22. Ne2 Rhc8 23. Rxc6 Rxc6 24. Rc1 Rxc1+ 25. Nxc1 Kc6 26. Nd3 Be7 27.
Nf4 e5 28. d5+ Kb5 29. Bxb6 Kxb6 30. Nd3 a5 31. Kf2 a4 32. Kf3 axb3 33. axb3 g6
34. g4 g5 35. Ke3 Kb5 $11 36. Kd2 Bd6 37. Kc3 Be7 38. Kb2 Bd6 39. Kc2 Be7 40.
Kc3 Bd6 $11 41. Kb2 Be7 42. Ne1 Bc5 1/2-1/2

[Event "DVM u20 2005"]
[Site "Berlin"]
[Date "2005.12.30"]
[Round "7.5"]
[White "Bürckner, Georg"]
[Black "Guefen, Daniel"]
[Result "1/2-1/2"]
[WhiteElo "1816"]
[BlackElo "1740"]
[PlyCount "80"]
[EventDate "2000.??.??"]

1. e4 e6 2. c4 d5 3. exd5 exd5 4. cxd5 Nf6 5. d4 Nxd5 6. Nc3 Bb4 7. Bd2 O-O 8.
Be2 Nc6 9. Nf3 Re8 10. O-O Bf5 11. Rc1 Nxc3 12. Bxc3 Bd6 13. d5 Ne5 14. Re1 Ng4
15. h3 Ne5 16. Bb5 Nxf3+ 17. Qxf3 Rxe1+ 18. Rxe1 Qg5 19. Bd4 a6 20. Ba4 b5 21.
Bb3 Rd8 22. Qe3 Qxe3 23. Rxe3 Bd7 24. Bc2 Re8 25. Rxe8+ Bxe8 26. Kf1 g6 27. Bf6
Kf8 28. Ke2 Be7 29. Be5 Bd6 30. Bxd6+ cxd6 31. Ke3 Ke7 32. b4 Kf6 33. f4 Bd7
34. Bd3 h5 35. Kf3 Bc8 36. Ke3 Bf5 37. Be2 Bb1 38. a3 Bf5 39. Bf3 Bd7 40. h4
Bf5 1/2-1/2

[Event "DVM u20 2005"]
[Site "Berlin"]
[Date "2005.12.30"]
[Round "7.6"]
[White "Schehl, Michael"]
[Black "Richter, Dustin"]
[Result "1-0"]
[WhiteElo "1653"]
[BlackElo "1432"]
[PlyCount "65"]
[EventDate "2000.??.??"]

1. d4 Nf6 2. Nf3 g6 3. Bf4 Bg7 4. e3 O-O 5. Bd3 d6 6. c3 Nbd7 7. Bc2 c5 8. Nbd2
Nb6 9. O-O Nfd5 10. Bg3 cxd4 11. exd4 h6 12. Re1 Be6 13. Bxg6 Nf6 14. Bd3 Qd7
15. Qe2 Nh5 16. Qe4 Nf6 17. Qe2 Nh5 18. Nh4 Nxg3 19. hxg3 d5 20. Ng6 Bg4 21.
Nxe7+ Kh8 22. f3 Rae8 23. fxg4 Nc8 24. Bb5 Qxe7 25. Bxe8 Rxe8 26. Qxe7 Rxe7 27.
Rxe7 Nxe7 28. Re1 Bf8 29. Nf3 f6 30. Nh4 Kg7 31. Nf5+ Nxf5 32. gxf5 Kf7 33. Kf2
1-0

[Event "DVM u20 2005"]
[Site "Berlin"]
[Date "2005.12.30"]
[Round "7.1"]
[White "Suchin, Dimitry"]
[Black "Seiler, Sascha"]
[Result "1-0"]
[WhiteElo "2276"]
[BlackElo "2043"]
[PlyCount "133"]
[EventDate "2000.??.??"]

1. d4 Nf6 2. c4 g6 3. Nc3 Bg7 4. e4 d6 5. Be2 O-O 6. Bg5 c5 7. d5 h6 8. Bf4 Qa5
9. Qd2 a6 10. f3 Kh7 11. Nh3 Bd7 12. a4 Bxh3 13. gxh3 Nh5 14. Be3 e5 15. dxe6
fxe6 16. Qxd6 Nc6 17. Qxc5 Qd8 18. Qb6 Qh4+ 19. Bf2 Qxh3 20. O-O-O Nf4 21. Bg3
{(=)} e5 22. Bxf4 exf4 23. Nd5 Rf7 24. Rd2 Rc8 25. Qf2 Na5 26. Rc2 Qe6 27. Qb6
Nc6 28. h4 Bd4 29. Qb3 Bg7 30. Qd3 Ne5 31. Qb3 Nd7 32. a5 Nc5 33. Qb6 Rc6 34.
Qb4 Bf8 35. Qe1 Nb3+ 36. Kb1 Bg7 37. Bd3 Qe5 38. Rg1 Nd4 39. Qf2 Nxc2 40. Qxc2
Rc5 41. Qg2 Rc6 42. Qf2 Bf8 43. Rg4 b5 44. cxb5 axb5 45. Bxb5 Rc5 46. Qe2 Rb7
47. Ba6 Rb8 48. Nxf4 Bg7 49. Nd3 Qd4 50. e5 Rxe5 51. Nxe5 Qxe5 52. Qxe5 Bxe5
53. Rg2 Ra8 54. Bd3 Rxa5 55. Rxg6 Kh8 56. Rxh6+ Kg7 57. Rg6+ Kf7 58. Rg5 Bc7
59. Rxa5 Bxa5 60. Kc2 Ke6 61. h5 Bd8 62. Be4 Ke5 63. Kc3 Be7 64. Kc4 Bf8 65. b4
Bh6 66. Kc5 Be3+ 67. Kc6 1-0

[Event "DVM u20 2005"]
[Site "Berlin"]
[Date "2005.12.30"]
[Round "7.2"]
[White "Bissbort, Julian"]
[Black "Bubolz, Konstantin"]
[Result "0-1"]
[WhiteElo "2034"]
[BlackElo "2042"]
[PlyCount "42"]
[EventDate "2000.??.??"]

1. e4 e6 2. d4 d5 3. exd5 exd5 4. Bd3 Bd6 5. Nf3 Bg4 6. O-O Nc6 7. c3 Qd7 8.
Nbd2 Nge7 9. Re1 O-O-O 10. b4 Rde8 11. b5 Nd8 12. Qa4 Ng6 13. Rxe8 Rxe8 14.
Qxa7 Qe6 15. Bxg6 Qxg6 16. Ba3 Bf4 17. Qa8+ Kd7 18. g3 Re2 19. Nh4 Qf6 20. Nb3
Bxg3 21. Nc5+ Ke8 0-1

[Event "DVM u20 2005"]
[Site "Berlin"]
[Date "2005.12.30"]
[Round "7.3"]
[White "Jahnz, Fabian"]
[Black "Geschnizjani, Ramin Tobias"]
[Result "1/2-1/2"]
[WhiteElo "2166"]
[BlackElo "1945"]
[PlyCount "93"]
[EventDate "2000.??.??"]

1. e4 c6 2. d4 d5 3. e5 Bf5 4. Nf3 e6 5. a3 c5 6. c4 Bxb1 7. Rxb1 Nc6 8. Qb3
Qb6 9. Qxb6 axb6 10. Bd3 g6 11. O-O Nh6 12. Rd1 dxc4 13. Bxc4 cxd4 14. Bb5
O-O-O 15. Bg5 Rd5 16. Bxc6 bxc6 17. Nxd4 Kb7 18. Nc2 Nf5 19. g4 Ne7 20. Ne3
Rxd1+ 21. Rxd1 Nd5 22. Kf1 Bc5 23. Nxd5 exd5 24. Rd3 Re8 25. Bf6 Ka6 26. Ke2
Be7 27. Bxe7 Rxe7 28. Re3 c5 29. Kd3 Kb5 30. f4 Kc6 31. Rh3 g5 32. Rh6+ Kb5 33.
fxg5 Rxe5 34. h4 Re4 35. Rxh7 Rxg4 36. b3 c4+ 37. bxc4+ dxc4+ 38. Kc3 Kc5 39.
Rh8 Rg3+ 40. Kb2 Kb5 41. Rf8 Rh3 42. Rh8 Rb3+ 43. Ka2 Rg3 44. Kb2 Kc5 45. Rc8+
Kd4 46. Rd8+ Kc5 47. Rc8+ 1/2-1/2

[Event "DVM u20 2005"]
[Site "Berlin"]
[Date "2005.12.30"]
[Round "7.4"]
[White "Luo, Xinping"]
[Black "Hertwig, Christopher"]
[Result "1/2-1/2"]
[WhiteElo "1824"]
[BlackElo "1939"]
[PlyCount "95"]
[EventDate "2000.??.??"]

1. e4 e6 2. d4 d5 3. Nc3 Nf6 4. Bg5 Bb4 5. e5 h6 6. Be3 Ne4 7. Qg4 Kf8 8. a3
Bxc3+ 9. bxc3 c5 10. Bd3 Qa5 11. Ne2 cxd4 12. Bxd4 Nc5 13. Bxc5+ Qxc5 14. O-O
Nc6 15. Qg3 Na5 16. Rad1 Bd7 17. h4 Nc4 18. Bxc4 Qxc4 19. Nd4 Rc8 20. Rd3 Rg8
21. h5 Ke7 22. f4 Qc5 23. Qh4+ Ke8 24. Kh2 Qe7 25. Qh3 Kd8 26. Qg3 Kc7 27. f5
Kb8 28. fxe6 Bxe6 29. Nf5 Bxf5 30. Rxf5 Qe6 31. Qf4 Rc4 32. Rd4 Rf8 33. Rxc4
dxc4 34. Qe4 Rd8 35. Rf4 b5 36. a4 a6 37. axb5 axb5 38. Rf1 Re8 39. Re1 Qe7 40.
g3 Qg5 41. Ra1 Rxe5 42. Ra8+ Kc7 43. Ra7+ Kd6 44. Ra6+ Ke7 45. Qb7+ Kf8 46.
Ra8+ Re8 47. Rxe8+ Kxe8 48. Qb8+ 1/2-1/2

[Event "DVM u20 2005"]
[Site "Berlin"]
[Date "2005.12.30"]
[Round "7.5"]
[White "Rath, Oliver"]
[Black "Witte, Stefan"]
[Result "1-0"]
[WhiteElo "1900"]
[BlackElo "1981"]
[PlyCount "47"]
[EventDate "2000.??.??"]

1. d4 d5 2. c4 e6 3. Nc3 Nf6 4. Bg5 Be7 5. Nf3 O-O 6. e3 Nc6 7. cxd5 exd5 8. a3
Re8 9. Be2 Be6 10. O-O a6 11. Qc2 Qd7 12. Bd3 h6 13. Bh4 Ng4 14. Bxe7 Qxe7 15.
h3 Nf6 16. b4 Na7 17. Na4 Nb5 18. Nc5 c6 19. Ne5 Nd6 20. f4 Bc8 21. Rae1 Nd7
22. Ncxd7 Bxd7 23. Rf3 f6 24. Bh7+ 1-0

[Event "DVM u20 2005"]
[Site "Berlin"]
[Date "2005.12.30"]
[Round "7.6"]
[White "Tschlatscher, Thomas"]
[Black "Schulz, Reimar"]
[Result "1/2-1/2"]
[WhiteElo "1742"]
[BlackElo "1531"]
[PlyCount "100"]
[EventDate "2000.??.??"]

1. e4 c6 2. d4 d5 3. Nc3 dxe4 4. Nxe4 Bf5 5. Ng3 Bg6 6. Nf3 Nd7 7. Bd3 Bxd3 8.
Qxd3 e6 9. Bf4 Ngf6 10. O-O-O Nd5 11. Bd2 Bd6 12. Ne4 Bf4 13. g3 Bxd2+ 14.
Nfxd2 N7f6 15. a3 Nxe4 16. Qxe4 Qe7 17. f4 O-O-O 18. Nf3 Nf6 19. Qe2 Rd5 20. c4
Rd7 21. Rhe1 Re8 22. Qc2 Rd6 23. Kb1 Qc7 24. Qa4 Kb8 {(=)} 25. d5 exd5 26.
Rxe8+ Nxe8 27. cxd5 Nf6 28. dxc6 Qxc6 29. Qxc6 Rxc6 30. Ne5 Rc8 31. Nxf7 Ng4
32. h3 Nf2 33. Rd7 Rc7 34. Rd8+ Rc8 35. Rxc8+ Kxc8 36. h4 Kd7 37. Kc2 h6 38.
Ne5+ Ke6 39. g4 g5 40. hxg5 hxg5 41. Nd3 Nxg4 42. fxg5 Kf5 43. Kc3 Kxg5 44. Kd4
Kf5 45. Kd5 Ne3+ 46. Kd6 b6 47. Ne5 Ke4 48. Nc6 Nc4+ 49. Kc7 Nxb2 50. Nxa7 Nc4
1/2-1/2

[Event "DVM u20 2005"]
[Site "Berlin"]
[Date "2005.12.30"]
[Round "7.1"]
[White "Krutwig, Longlong"]
[Black "Stellwagen, Robin"]
[Result "1/2-1/2"]
[WhiteElo "2193"]
[BlackElo "2167"]
[PlyCount "47"]
[EventDate "2000.??.??"]

1. d4 Nf6 2. Nf3 g6 3. c3 Bg7 4. Bf4 O-O 5. Nbd2 d6 6. e3 Nbd7 7. Bc4 Qe8 8.
O-O e5 9. dxe5 dxe5 10. Bg3 Kh8 11. Qe2 Nh5 12. e4 Nb6 13. Bb3 Be6 14. Rad1
Nxg3 15. hxg3 f6 16. c4 Na4 17. Nb1 Nc5 18. Bc2 Qf7 19. Nfd2 a5 20. Nc3 Bh6 21.
f4 Qg8 22. a3 a4 23. Qe3 b6 24. Nd5 1/2-1/2